| 000 | 00708nam a22002294a 4500 | ||
|---|---|---|---|
| 005 | 2010081100240.0 | ||
| 010 | _aENG-99517 | ||
| 020 |
_c85.00 _a9788190863261 |
||
| 035 | _aEN-83049 | ||
| 037 | _bDBAD/PUB | ||
| 082 | _a921 | ||
| 100 |
_aP. Gopi _911345 |
||
| 245 |
_aLife and worked of syviaplath / _cby P. Gopi |
||
| 260 |
_aChennai _bSaru Publication _c2009 |
||
| 270 |
_bChennai _a15, K. S. Mani Street _e600094 |
||
| 300 |
_a188 p. _c22cm (Pbk) |
||
| 500 | _aIncludes bibliographical references | ||
| 650 |
_aBiography _911346 |
||
| 700 | _910698 | ||
| 942 |
_2ddc _cEN _mPGO _h921 |
||
| 999 |
_c41143 _d41143 |
||